000
00209 a2200109 4500
020
_a
9682431034
041
_a
spa
100
_a
Gloria Calderas
245
_a
Munecas y mas Munecas
942
_c
BK
952
_7
4
999
_c
16948
_d
16948